000 01460nam0a2200397 4500
001 RU\NLR\bibl\890237
005 20260406111153.0
010 _a5-9533-0909-0
_912500
021 _aRU
_b2005-63955
_93143
035 _a(nilc)RSL-KNO-002724295
035 _a(NLR Aleph) 000878743
090 _a1645416
_c1645416
100 _a20051004d2005 |||y0rusy50 ca
101 0 _arus
102 _aRU
105 _ay |||||||||
106 _ar
200 1 _aСто великих монархов
_fК.В. Рыжов
210 _aМ.
_cВече
_d2005
215 _a478 с.
_cил., портр.
_d22
225 1 _a100 великих
300 _aЗагл. обл.: 100 великих монархов
300 _aНа обл. авт. не указан
512 1 _a100 великих монархов
606 1 _aМонархи
_jБиографии
_91505602
_3RU\NLR\auth\66652996
610 0 _aИстория. Исторические науки -- Всемирная история -- Персоналии -- Сборник одного автора
686 _aТ3(0)0-8я44
_2rubbk
686 _aТ3(0)0-8
700 1 _4070
_8rus
_7ca
_aРыжов
_bК. В.
_f1964-
_gКонстантин Владиславович
_3RU\NLR\auth\77118668
_9101593
801 0 _aRU
_bRuMoRKP
_c20051004
_grcr
801 1 _aRU
_bRuMoRGB
_c20051004
801 2 _aRU
_bNLR
_c20051219
_grcr
830 _aавт. по кн.
942 _cBOOK
980 _aNB